Komunikasi pembangunan : pengenalan dan penerapan

Bibliographic Details
Main Authors: Muhammad Hamdan Adnan (Author), Nasution, Zulkarimein (Author)
Format: Book
Published: Kuala Lumpur : Dewan Bahasa dan Pustaka , 1992
Subjects:

MARC

LEADER 00000cam a2200000 7i4500
001 0000008858
005 20070623093000.0
008 021119s1992
020 |a 9836225994 
090 0 0 |a P91   |b .M6 1992 
100 0 |a Muhammad Hamdan Adnan ,   |e author 
245 0 0 |a Komunikasi pembangunan :   |b pengenalan dan penerapan   |c Mohd. Hamdan Adnan, Zulkarimein Nasution 
260 2 |a Kuala Lumpur :   |b Dewan Bahasa dan Pustaka ,   |c 1992 
300 |a xii, 203 ms. ; ;   |c 22 sm. 
501 |a Mengandungi indeks 
650 0 |a Communication planning 
650 0 |a Communication   |x Social aspects 
700 0 |a Nasution, Zulkarimein ,   |e author 
999 |a 1000031423   |b Book   |c OPEN SHELF (30 DAYS)   |e Gong Badak Campus 
999 |a 1000031424   |b Book   |c OPEN SHELF (30 DAYS)   |e Gong Badak Campus